Normal view
MARC view
- Gauvreau, Kimberlee,
Entry Personal Name
001 - CONTROL NUMBER
- control field: 2443
003 - CONTROL NUMBER IDENTIFIER
- control field: NUST
005 - DATE AND TIME OF LATEST TRANSACTION
- control field: 20170612114529.0
008 - FIXED-LENGTH DATA ELEMENTS
- fixed length control field: 170612|| aca||aabn | a|a d
040 ## - CATALOGING SOURCE
- Original cataloging agency: NUST
- Transcribing agency: NUST
100 ## - HEADING--PERSONAL NAME
- Personal name: Gauvreau, Kimberlee,
- Dates associated with a name: 1963-
670 ## - SOURCE DATA FOUND
- Source citation: Work cat.: (NUST)0: Pagano, Marcello, 1945- 2441, Principles of biostatistics /, c2010.
